Personajes Super Smash Bros - Estadísticas

Estadísticas generales
  • Esta prueba ha sido intentada 295 veces
  • La puntuación promedio es 50 de 87
Estadísticas de respuestas
N64 GC Wii 3DS/WiiU Switch Respuesta % Correcto
Mario
100%
Luigi
98%
Peach
92%
Bowser
88%
Donkey Kong
88%
Kirby
88%
Link
86%
Pikachu
85%
Zelda
85%
Daisy
81%
Wario
79%
Yoshi
79%
Samus
78%
Fox
76%
Sonic
74%
Ken
73%
Falco
72%
Ness
71%
Diddy Kong
69%
Ganondorf
67%
Lucario
67%
DLC Lucas
66%
Jigglypuff
65%
DLC Mewtwo
65%
DLC Ryu
65%
Toon Link
65%
Bayonetta
63%
Charizard
63%
Pichu
63%
Pit
63%
R.O.B
63%
DLC Steve / Alex
63%
Capitan Falcon
61%
Ike
61%
Meta Knight
61%
Mr. Game and Watch
61%
Marth
60%
Bowser Jr.
59%
Incineroar
58%
Link Niño
58%
Wolf
58%
Sheik
57%
Dr. Mario
56%
Rey Dedede
56%
Snake
56%
Aldeano
55%
DLC Roy
55%
Lucina
54%
Samus Zero
54%
DLC Cloud
53%
Palutena
53%
DLC Planta Piraña
53%
Squirtle
52%
Greninja
49%
Ice Climbers
49%
Olimar
49%
Samus Oscura
49%
Pac-Man
47%
Canela
46%
Ivysaur
46%
King K. Rool
46%
DLC Joker
45%
Mega Man
45%
Chrom
44%
Pit Sombrio
44%
Ridley
44%
Inkling
43%
DLC Terry Bogard
43%
DLC Corrin
42%
Duo Duck Hunt
41%
DLC Kazuya
41%
Robin
40%
DLC Héroe
39%
Little Mac
39%
DLC Pyra / Mythra
38%
DLC Sephirot
38%
DLC Byleth
37%
Shulk
37%
DLC Min Min
35%
Simon
35%
Entrenadora de Wii Fit
34%
Rosalina y Destello
34%
Mii Espadachin
31%
DLC Banjo y Kazooie
29%
Richter
29%
Mii Karateca
26%
Mii Tirador
26%
No se encontraron pruebas coincidentes
Distribución de puntuación
Porcentaje de gente con cada puntuación
Porcentaje por número respondido
Historial de tus puntuaciones
No has intentado esta prueba.